Instrumental methods of analysis / (Record no. 183609)
[ view plain ]
| 000 -LEADER | |
|---|---|
| fixed length control field | 01869 a2200229 4500 |
| 003 - CONTROL NUMBER IDENTIFIER | |
| control field | Nust |
| 005 - DATE AND TIME OF LATEST TRANSACTION | |
| control field | 20221012125131.0 |
| 010 ## - LIBRARY OF CONGRESS CONTROL NUMBER | |
| LC control number | 73009122 |
| 020 ## - INTERNATIONAL STANDARD BOOK NUMBER | |
| International Standard Book Number | 0442294794 |
| 040 ## - CATALOGING SOURCE | |
| Transcribing agency | Nust |
| 082 00 - DEWEY DECIMAL CLASSIFICATION NUMBER | |
| Classification number | 543.0819,WIL |
| 100 1# - MAIN ENTRY--PERSONAL NAME | |
| Personal name | Willard, Hobart H. |
| 9 (RLIN) | 100007 |
| 245 10 - TITLE STATEMENT | |
| Title | Instrumental methods of analysis / |
| Statement of responsibility, etc. | Hobart H. Willard, Lynne L. Merritt, Jr. [and] John A. Dean. |
| 250 ## - EDITION STATEMENT | |
| Edition statement | 7th ed. |
| 260 ## - PUBLICATION, DISTRIBUTION, ETC. | |
| Place of publication, distribution, etc. | New York, |
| Name of publisher, distributor, etc. | Van Nostrand |
| Date of publication, distribution, etc. | [1974] |
| 300 ## - PHYSICAL DESCRIPTION | |
| Extent | xix, 860 p. |
| Other physical details | illus. |
| Dimensions | 24 cm. |
| 505 ## - FORMATTED CONTENTS NOTE | |
| Formatted contents note | An introduction to Instrumental Methods (Page-1), Measurement Signals and Data (Page-13), Electronics Fundamentals (Page-40), Computer-Aided Analysis (Page-60), An introductions to Absorption and Emission Spectroscopy (Page-97), Ultra violet and Visible Spectrometry – instrumentations (Page-159), Ultraviolet and Visible Absorption Methods (Page-159), Fluorescence and Phosphorescence Spectrophotometer (Page-197), Flame Emission and Atomic Absorption Spectroscopy (Page-224), Atomic Emission Spectroscopy with Plasma and Electrical Discharge Sources (Page-260), Infrared Spectrometry (Page-288), Raman Spectroscopy (Page-321), X-Ray Methods (Page-340), Radiochemical Methods (Page-398), Nuclear Magnetic Resonance Spectroscopy (Page-422), Mass Spectrometry (Page-465), Chromatography (Page-513), Gas Chromatography (Page-540), High-Performance Liquid Chromatography (Page-580), High-performance Liquid Chromatography: Methods and Application (Page-614), Introduction to Electro analytical Methods of Analysis (Page-656), Potentiometry (Page-671), Volta metric Techniques (Page-697), Electro separations (Page- 732), Thermal Analysis (Page-761) Process Instruments and Automated Analysis (Page-786). |
| 650 #0 - SUBJECT ADDED ENTRY--TOPICAL TERM | |
| Topical term or geographic name entry element | Instrumental analysis. |
| 9 (RLIN) | 706 |
| 700 1# - ADDED ENTRY--PERSONAL NAME | |
| Personal name | Dean, John A. |
| Dates associated with a name | 1921-2001 |
| 9 (RLIN) | 100008 |
| 700 1# - ADDED ENTRY--PERSONAL NAME | |
| Personal name | Merritt, Lynne L. |
| Dates associated with a name | 1915-2001 |
| 9 (RLIN) | 100009 |
| 942 ## - ADDED ENTRY ELEMENTS (KOHA) | |
| Source of classification or shelving scheme | |
| Koha item type | Book |
| Withdrawn status | Lost status | Source of classification or shelving scheme | Damaged status | Not for loan | Permanent Location | Current Location | Shelving location | Date acquired | Total Checkouts | Full call number | Barcode | Date last seen | Date last checked out | Price effective from | Koha item type | Public note |
|---|---|---|---|---|---|---|---|---|---|---|---|---|---|---|---|---|
| Military College of Signals (MCS) | Military College of Signals (MCS) | General Stacks | 12/12/2016 | 1 | 543.0819,WIL | MCS28483 | 04/28/2023 | 02/06/2023 | 12/12/2016 | Book | Almirah No.25, Shelf No.4 |
